01176 2200253 4500001002100000005001500021035002000036090001200056020002200068100001600090650002000106245008500126264002300211008004100234082001300275084002200288250001700310260004200327300003800369700003000407700002600437520044300463990001600906INLIS00000000002696120211025032917 a0010-0619026961 99.221 3 a978-602-394-228-20 aWatiek Ideo 4aFiksi Indonesia1 aAku cerdas mengelola emosi /cWatiek Ideo, Fitri Restiana; penyunting, Mursyidah huana Ilmu Komputer211025 b 1 ind  a899.2213 aSR 899.2213 WAT a aCetakan ke-6 aJakarta :bBhuana Ilmu Populer,c2021 a146 halaman :bilustrasi ;c23 cm0 aFitri Restianaepengarang0 aMursyidahepenyunting a"Tahukah kamu bahwa marah ,sedih, kecewa, dan takut adalah beberapa contoh dari emosi? Dan, jika kamu amati, emosi-emosi ini sering keluar begitu saja tanpa bisa kamu kendalikan, bahkan sampai menyakiti orang-orang tersayangmu tanpa kamu sadari. Nah, sebelum emosi-emosi ini membuat orang-orang tersayang menjauhimu, yuk kenali mereka dengan baik agar kamu bisa mengendalikannya dan menumpahkannya di waktu serta tempat yang tepat." a48407.61227